ពណ៏ខៀវ : (Record no. 10141)
[ view plain ]
| 000 -LEADER | |
|---|---|
| fixed length control field | 01555nam a22002777a 4500 |
| 001 - CONTROL NUMBER | |
| control field | 10141 |
| 003 - CONTROL NUMBER IDENTIFIER | |
| control field | FISKH |
| 005 - DATE AND TIME OF LATEST TRANSACTION | |
| control field | 20260424095206.0 |
| 008 - FIXED-LENGTH DATA ELEMENTS--GENERAL INFORMATION | |
| fixed length control field | 260424b cb ||||| |||| 00| 0 eng d |
| 020 ## - INTERNATIONAL STANDARD BOOK NUMBER | |
| International Standard Book Number | 9789924342106 |
| 040 ## - CATALOGING SOURCE | |
| Original cataloging agency | FISKH |
| Language of cataloging | bin |
| Transcribing agency | FISKH |
| Modifying agency | FISKH |
| 050 ## - LIBRARY OF CONGRESS CALL NUMBER | |
| Classification number | PZ7 |
| 082 ## - DEWEY DECIMAL CLASSIFICATION NUMBER | |
| Classification number | 823 |
| 100 ## - MAIN ENTRY--PERSONAL NAME | |
| Personal name | Omissi , Antiochus |
| 245 ## - TITLE STATEMENT | |
| Title | ពណ៏ខៀវ : |
| Remainder of title | The blue / |
| Statement of responsibility, etc. | អង់ត្យូជូស អូមីសុី Antiochus Omissi |
| 260 ## - PUBLICATION, DISTRIBUTION, ETC. | |
| Place of publication, distribution, etc. | Phnom Penh : |
| Name of publisher, distributor, etc. | Sipar , |
| Date of publication, distribution, etc. | 2024 . |
| 300 ## - PHYSICAL DESCRIPTION | |
| Extent | 39 pages : |
| Other physical details | color illustrations ; |
| Dimensions | 23 cm . |
| 490 ## - SERIES STATEMENT | |
| Series statement | រឿងដំបូងៗ |
| 520 ## - SUMMARY, ETC. | |
| Summary, etc. | ចរិយាជួបប្រទះសត្វតូចពណ៌ខៀវមួយ។ វាមករារាំងផ្លូវនាង ហើយធ្វើឲ្យអ្វីៗគ្រប់យ៉ាងក្លាយជាលំបាក។ វាក៏ធំឡើងៗជាបន្តបន្ទាប់។ ចរិយាមានអារម្មណ៍ភ័យខ្លាច — តើនាងគួរធ្វើដូចម្តេចដើម្បីបំបាត់ពណ៌ខៀវនេះ? |
| 520 ## - SUMMARY, ETC. | |
| Summary, etc. | Chakriya meets a small blue creature . It gets in her way , and makes everytihing difficult ! It grows bigger and bigger . Chakriya is scared-what she do to get rid of the blue? |
| 650 ## - SUBJECT ADDED ENTRY--TOPICAL TERM | |
| Topical term or geographic name entry element | ពណ៏ខៀវ |
| Form subdivision | រឿងនិទានកុមារ |
| 650 ## - SUBJECT ADDED ENTRY--TOPICAL TERM | |
| Topical term or geographic name entry element | The blue |
| Form subdivision | Children's Stories |
| 700 ## - ADDED ENTRY--PERSONAL NAME | |
| Personal name | Channeng , Pat |
| Relator term | Designer |
| 942 ## - ADDED ENTRY ELEMENTS (KOHA) | |
| Source of classification or shelving scheme | Dewey Decimal Classification |
| Koha item type | Khmer Books |
| Suppress in OPAC | No |
| Withdrawn status | Lost status | Source of classification or shelving scheme | Damaged status | Not for loan | Collection | Home library | Current library | Date acquired | Total Checkouts | Full call number | Barcode | Date last seen | Price effective from | Koha item type |
|---|---|---|---|---|---|---|---|---|---|---|---|---|---|---|
| Dewey Decimal Classification | Khmer-English Bilingual / ភាសាខ្មែរ-អង់គ្លេស | Footprints International School Library Network Toul Tom Poung Campus | Footprints International School Library Network Toul Tom Poung Campus | 04/24/2026 | OMI PZ7 823 | 2026-0534 | 04/24/2026 | 04/24/2026 | Khmer Books |
